000 02319cac a2200265 a 4500
003 CO-PeBPM
005 20250830093225.0
008 231129s1996||||ck |||||||||||||| ||spa||
020 _a9582002743
040 _aCO-PeBPM
_bspa
_cCO-PeBPM
_erda
041 _aspa
082 0 4 _a370.19 M516r
_222
100 1 _aMejí­a J., Marco Raúl
_eautor
245 1 0 _aReconstruyendo la transformación social: movimientos sociales y educación popular
_c/ Marco Raúl Mejía J.
250 _aPrimera edición
260 _aBogotá, Colombia
_b: Cooperativa Editorial Magisterio
_c, c1996
300 _a99 páginas
_c21 centímetros
490 _aMesa redonda
_v43
500 _aIncluye índice
504 _aIncluye bibliografía al final del texto
520 _aEste libro es el resultado de múltiples conversaciones y debates sobre el futuro de la protesta, la impugnación y el pensamiento crítico, y, en ese sentido, contiene las ideas de múltiples personas que hoy creen posible la reinvención de la transformación social. Las ideas recogidas aquí y allá tienen la intención de articularse en una cierta unidad temática con la finalidad de recoger y anudar ideas de cara a construir la nueva impugnación. Se nos a hablado de fin de la utopía, fin de las ideologías y hasta del fin de la historia, y se nos ha colocado en un pragmatismo que no nos permite volver a pensar los sentidos de la protesta, descalificando todo intento de impugnación o develamiento, ya bien con la catapulta de la industria cultural de masas o con la inclusión de la protesta y los sujetos críticos en su utopía del consumo surgida en el advenimiento de la representación y la imagen de la nueva clase de servicios. De la capacidad para crear, para inventar y para imaginar en un balance del pasado, va a depender la construcción de vida con sentido y esperanza para los excluidos de este capitalismo triunfante del fin de siglo. También va a depender de la capacidad de deconstruir y reconstruir historias, procesos, pensamientos, movimientos. En este tránsito nos jugaremos la posibilidad de impugnación y pensamiento crítico en el próximo milenio
650 1 4 _aMovimientos sociales
_2LEMB
650 1 4 _aEducación popular - Ensayos, conferencias, etc.
_2LEMB
942 _2ddc
_cBK
999 _c23779
_d23779